Iconografía de las ediciones del Quijote de Miguel de Cervantes Saavedra. (Record no. 4617)

MARC details
000 -CABECERA
campo de control de longitud fija 01092nam a2200277 a 4500
001 - NÚMERO DE CONTROL
campo de control BRCA_4923
005 - FECHA Y HORA DE LA ÚLTIMA TRANSACCIÓN
campo de control 20190320204848.0
008 - DATOS DE LONGITUD FIJA--INFORMACIÓN GENERAL
campo de control de longitud fija 150610s1905----sp-h######---#000-0#spa-#
041 ## - CÓDIGO DE LENGUA
Código de lengua del texto/banda sonora o título independiente spa
044 ## - CÓDIGO DEL PAÍS DE LA ENTIDAD EDITORA/PRODUCTORA
Código MARC del país sp
050 #4 - SIGNATURA TOPOGRÁFICA DE LA BIBLIOTECA DEL CONGRESO
Número de clasificación PQ6337
Número de documento/Ítem .I26 2
-- 1905
245 10 - MENCIÓN DE TÍTULO
Título Iconografía de las ediciones del Quijote de Miguel de Cervantes Saavedra.
260 ## - PUBLICACIÓN, DISTRIBUCIÓN, ETC.
Lugar de publicación, distribución, etc. Barcelona
Nombre del editor, distribuidor, etc. Henrich y Cia
Fecha de publicación, distribución, etc. 1905
300 ## - DESCRIPCIÓN FÍSICA
Extensión 3 v.
Otras características físicas il.
Dimensiones 26 cm.
500 ## - NOTA GENERAL
Nota general Titulo en cubierta: Iconografía de las ediciones del Quijote: facsímiles de 611 portadas: 1605-1905
500 ## - NOTA GENERAL
Nota general Estado físico: Tejuelos deteriorados, hojas desprendidas (v.1., eje. 2)
500 ## - NOTA GENERAL
Nota general La biblioteca cuenta con 2 ejemplares del v.1
500 ## - NOTA GENERAL
Nota general Ejemplar igual a AM73 (vol. 2 y 3)
500 ## - NOTA GENERAL
Nota general QMR115
504 ## - NOTA DE BIBLIOGRAFÍA, ETC.
Nota de bibliografía, etc. Incluye referencias bibliográficas
505 0# - NOTA DE CONTENIDO CON FORMATO
Nota de contenido con formato Contenido: v.1. Traducciones catalanas. -- v.2. Traducciones francesas. -- v.3. Traducciones inglesas y poliglotas.
600 14 - PUNTO DE ACCESO ADICIONAL DE MATERIA--NOMBRE DE PERSONA
Nombre de persona Cervantes Saavedra, Miguel de
Fechas asociadas al nombre 1547-1616
9 (RLIN) 213
650 14 - PUNTO DE ACCESO ADICIONAL DE MATERIA--TÉRMINO DE MATERIA
Término de materia o nombre geográfico como elemento de entrada Literatura española
Subdivisión cronológica 1500-1700
9 (RLIN) 10987
902 ## - CATALOGADOR
Iniciales GFM
942 ## - ELEMENTOS DE PUNTO DE ACCESO ADICIONAL (KOHA)
Fuente del sistema de clasificación o colocación Library of Congress Classification
Tipo de ítem Koha Libros
Holdings
Estado de retiro Estado de pérdida Estado dañado No para préstamo Localización permanente Ubicación/localización actual Fecha de adquisición Número de inventario Total de préstamos Signatura topográfica completa Código de barras Fecha visto por última vez Precio válido a partir de Tipo de ítem Koha
El ejemplar forma parte de la colección y puede ser consultado según las políticas vigentes.       Biblioteca del Museo Franz Mayer (Rogerio Casas-Alatriste) Biblioteca del Museo Franz Mayer (Rogerio Casas-Alatriste) 21/10/2010 QMR115   PQ6337 .I26 2 1905 (QMR115) 4984 22/03/2019 22/03/2019 Libros